[Event "Split op 13th"]
[Site "Split"]
[Date "2024.08.09"]
[Round "8"]
[White "Nomindalai, Tumurbaatar"]
[Black "Rogic, Davor"]
[Result "0-1"]
[WhiteElo "2189"]
[BlackElo "2378"]
[PlyCount "166"]
[EventDate "2024.08.03"]
[EventType "swiss"]
[EventRounds "10"]
[EventCountry "CRO"]
[SourceTitle "CBM 221 Extra"]
[Source "ChessBase"]
[SourceDate "2024.09.30"]
[SourceVersion "1"]
[SourceVersionDate "2024.09.30"]
[SourceQuality "1"]

1. d4 d5 2. c4 c6 3. Nf3 Nf6 4. Nc3 e6 5. Bg5 Nbd7 6. e3 Qa5 7. cxd5 Nxd5 8. Rc1 Nxc3 9. bxc3 Ba3 10. Rc2 b6 11. Bd3 Ba6 12. 0-0 Bxd3 13. Qxd3 h6 14. Bh4 0-0 15. c4 Rfe8 16. Nd2 Bf8 17. f4 Qh5 18. Nf3 c5 19. Be1 Rad8 20. Qe2 Nf6 21. Bh4 cxd4 22. exd4 Qf5 23. Bxf6 Qxf6 24. Rd2 Rd6 25. Kh1 Red8 26. Qe4 g6 27. g4 Bg7 28. Rdd1 Rc8 29. Ne5 Qd8 30. Rd3 Rc7 31. Rfd1 Qe8 32. Kg1 Kh7 33. h4 f6 34. c5 Rd5 35. cxb6 axb6 36. Nf3 f5 37. gxf5 gxf5 38. Qe2 Bf6 39. Re3 Rd6 40. d5 Qg6+ 41. Kh1 Qg4 42. Rg1 Qxf4 43. dxe6 Re7 44. h5 Bg5 45. Re5 Kg7 46. Qg2 Kf6 47. Nxg5 hxg5 48. Rb5 Rh7 49. Rf1 Rxh5+ 50. Kg1 Qd4+ 51. Qf2 Qg4+ 52. Qg2 Qxg2+ 53. Kxg2 g4 54. Re1 Rxe6 55. Rxe6+ Kxe6 56. Rxb6+ Ke5 57. Rb5+ Kf4 58. Rb4+ Kg5 59. a4 Rh3 60. Rb5 Ra3 61. a5 Rf3 62. Rc5 Ra3 63. Rb5 Ra1 64. Kf2 Kf4 65. Rb4+ Ke5 66. Rb5+ Ke4 67. Rb4+ Kd3 68. Rb5 f4 69. Re5 Ra2+ 70. Kf1 g3 71. Re8 Rxa5 72. Kg2 Ra2+ 73. Kg1 Re2 74. Ra8 Ke4 75. Kf1 Rd2 76. Ra7 Ke3 77. Ra8 Rd1+ 78. Kg2 f3+ 79. Kxg3 Rg1+ 80. Kh2 f2 81. Ra3+ Kd4 82. Ra4+ Kc5 83. Ra5+ Kb6 0-1

[Event "Split op 13th"]
[Site "Split"]
[Date "2024.08.06"]
[Round "5"]
[White "Bacetic, Marin"]
[Black "Nomindalai, Tumurbaatar"]
[Result "0-1"]
[WhiteElo "2073"]
[BlackElo "2189"]
[PlyCount "98"]
[EventDate "2024.08.03"]
[EventType "swiss"]
[EventRounds "10"]
[EventCountry "CRO"]
[SourceTitle "CBM 221 Extra"]
[Source "ChessBase"]
[SourceDate "2024.09.30"]
[SourceVersion "1"]
[SourceVersionDate "2024.09.30"]
[SourceQuality "1"]

1. d4 Nf6 2. c4 g6 3. Nc3 Bg7 4. e4 d6 5. h3 0-0 6. Be3 c5 7. Nf3 cxd4 8. Nxd4 b6 9. Be2 Bb7 10. Qc2 Nbd7 11. 0-0 Rc8 12. Rac1 a6 13. Qb1 Nc5 14. f3 Nh5 15. Rfd1 e5 16. Nb3 Ne6 17. Nd5 Bxd5 18. cxd5 Nef4 19. Rxc8 Nxe2+ 20. Kf2 Qh4+ 21. Kxe2 Rxc8 22. Rc1 Rf8 23. Rc6 f5 24. Nd2 Nf4+ 25. Bxf4 Qxf4 26. Rxd6 Qg5 27. g4 fxg4 28. hxg4 Bh6 29. Nf1 Qh4 30. Qe1 Qh1 31. Qf2 Bg5 32. Ne3 Qb1 33. Rxb6 Rc8 34. Rc6 Rxc6 35. dxc6 Qxb2+ 36. Kf1 Qc1+ 37. Ke2 Qxc6 38. Nd5 Qc4+ 39. Ke1 Qc1+ 40. Ke2 a5 41. Qb6 Qc4+ 42. Kf2 Qxa2+ 43. Kg3 Qa1 44. Kg2 a4 45. Qe6+ Kg7 46. Ne7 Qb2+ 47. Kh3 Qb3 48. Qxe5+ Bf6 49. Qd6 Qxf3+ 0-1

[Event "Split op 13th"]
[Site "Split"]
[Date "2024.08.05"]
[Round "4"]
[White "Nomindalai, Tumurbaatar"]
[Black "Labrovic, Jakov"]
[Result "1-0"]
[WhiteElo "2189"]
[BlackElo "1993"]
[PlyCount "79"]
[EventDate "2024.08.03"]
[EventType "swiss"]
[EventRounds "10"]
[EventCountry "CRO"]
[SourceTitle "CBM 221 Extra"]
[Source "ChessBase"]
[SourceDate "2024.09.30"]
[SourceVersion "1"]
[SourceVersionDate "2024.09.30"]
[SourceQuality "1"]

1. d4 Nf6 2. c4 Nc6 3. Nf3 e6 4. g3 Bb4+ 5. Bd2 Qe7 6. Nc3 Bxc3 7. Bxc3 Ne4 8. Qd3 Nxc3 9. Qxc3 Qb4 10. Rc1 Qxc3+ 11. Rxc3 d6 12. Bg2 0-0 13. c5 d5 14. 0-0 Bd7 15. Rb1 Ne7 16. b4 Bb5 17. Bf1 Rfd8 18. e3 a6 19. Bd3 Bxd3 20. Rxd3 b5 21. a4 Nc6 22. Ra3 f6 23. Ne1 e5 24. Rba1 Rab8 25. axb5 Rxb5 26. Rxa6 Nxb4 27. Ra7 Rc8 28. Rb1 Nc6 29. Rxb5 Nxa7 30. Rb7 Nc6 31. Nc2 Kf8 32. Kf1 Ke7 33. e4 Nd8 34. Ra7 Ke6 35. Nb4 exd4 36. Nxd5 Ke5 37. f3 d3 38. Ra4 Nb7 39. Rc4 Ra8 40. f4+ 1-0

[Event "Split op 13th"]
[Site "Split"]
[Date "2024.08.04"]
[Round "3"]
[White "Hansen, Eric"]
[Black "Nomindalai, Tumurbaatar"]
[Result "1-0"]
[WhiteElo "2610"]
[BlackElo "2189"]
[PlyCount "89"]
[EventDate "2024.08.03"]
[EventType "swiss"]
[EventRounds "10"]
[EventCountry "CRO"]
[SourceTitle "CBM 221 Extra"]
[Source "ChessBase"]
[SourceDate "2024.09.30"]
[SourceVersion "1"]
[SourceVersionDate "2024.09.30"]
[SourceQuality "1"]

1. d4 d6 2. Nf3 Nf6 3. c4 g6 4. Nc3 Bg7 5. e4 0-0 6. h3 c5 7. d5 e6 8. Bd3 exd5 9. cxd5 b6 10. 0-0 Ba6 11. Bf4 Re8 12. Re1 Nh5 13. Bh2 c4 14. Bf1 b5 15. Qc2 Qb6 16. e5 dxe5 17. Nxe5 Nf6 18. a4 b4 19. Nb5 Bxb5 20. axb5 Nbd7 21. Nxc4 Qc5 22. Bd3 Nxd5 23. Qb3 Qd4 24. Bf1 N7b6 25. Red1 Qf6 26. Ra6 Re6 27. Bg3 Bf8 28. Na5 h5 29. h4 Ne7 30. Nc4 Nf5 31. Nxb6 Rxb6 32. Rd7 Rxa6 33. bxa6 Bc5 34. Rxf7 Qxf7 35. Bc4 Rf8 36. Bxf7+ Rxf7 37. Bf4 Nd4 38. Qc4 Ne2+ 39. Kf1 Nxf4 40. Qxc5 Nd3 41. Qc8+ Kg7 42. f3 Re7 43. Kg1 Re1+ 44. Kh2 Re7 45. Qd8 1-0

[Event "Split op 13th"]
[Site "Split"]
[Date "2024.08.04"]
[Round "2"]
[White "Nomindalai, Tumurbaatar"]
[Black "Walden, Andrew1"]
[Result "1-0"]
[WhiteElo "2189"]
[BlackElo "1963"]
[PlyCount "57"]
[EventDate "2024.08.03"]
[EventType "swiss"]
[EventRounds "10"]
[EventCountry "CRO"]
[SourceTitle "CBM 221 Extra"]
[Source "ChessBase"]
[SourceDate "2024.09.30"]
[SourceVersion "1"]
[SourceVersionDate "2024.09.30"]
[SourceQuality "1"]

1. d4 e6 2. c4 b6 3. e4 Bb4+ 4. Nc3 Bb7 5. Bd3 f5 6. Qh5+ g6 7. Qe2 Nf6 8. Bg5 h6 9. Bxf6 Qxf6 10. Nf3 Nc6 11. e5 Bxc3+ 12. bxc3 Qe7 13. Rb1 Na5 14. 0-0 0-0 15. Ne1 c5 16. Qe3 f4 17. Qh3 Kg7 18. Nf3 g5 19. dxc5 bxc5 20. Rb5 Bxf3 21. Qxf3 Nc6 22. Qe4 Rf5 23. g4 fxg3 24. hxg3 Kf8 25. Qh1 Rxe5 26. Rb7 Qg7 27. Be4 Rc8 28. Rd1 Ke8 29. Bxc6 1-0